000 00745nam a2200205 a 4500
003 0
005 20250514084442.0
008 021107s19uu xx 00 eng d
050 _aPGS SH 171
_b.En59 2002
100 _aEnriquez, Joakima.
245 _aContamination of Red Sore disease on the healthy fishes of Ocean Treasures /
_cJoakima Enriquez.
260 _aLas PiƱas City, Philippines :
_bSouthville International School and Colleges,
_c2002.
300 _a27 pages :
_billustrations ;
_c28 cm.
504 _aIncludes bibliographical references.
650 _aFishes
_vDiseases.
650 _aBacterial diseases in animals.
650 _aFish culture
_vDisease control.
650 _aAquaculture
_vSanitation.
942 _2lcc
_cPASS
999 _c96617
_d96617